000 00620nam a22002177a 4500
005 20260515115012.0
008 240222b ||||| |||| 00| 0 eng d
020 _a9789358494242
040 _aIN-DiNC
_cIN-DiNC
041 _deng
082 _a301.0954
_bBHU
100 _aBhuyan, Dilip Kumar
_eauthor
245 _aSociology of India/
_cby Dilip Kumar Bhuyan, Moushumi Bordoloi and Panchi Pathak
250 _a1st ed.
260 _aDibrugarh:
_bBanalata,
_c2024.
300 _a296p.
650 _aIndian sociology
700 _aBordoloi, Moushumi
_eauthor
700 _aPathak, Panchi
_eauthor
942 _2ddc
_cBK
999 _c11731
_d11731